Los delitos de peligro y la prueba del dolo

Gorde:
Xehetasun bibliografikoak
Egile nagusia: Baigún, David (Egilea)
Formatua: Liburua
Hizkuntza:gaztelania
Argitaratua: Montevideo B de F Ltda 2007
Saila:Maestros del Derecho Penal, 23
Gaiak:
Etiketak: Etiketa erantsi
Etiketarik gabe, Izan zaitez lehena erregistro honi etiketa jartzen!

MARC

LEADER 00000cam a2200000 a 4500
001 UCG8893
003 CL-VaPUC
008 120106e20070000UY |||||||||||||||||spa|d
020 |a 9789974578791 
082 0 4 |a 345  |b BAI  |2 21 
100 |a Baigún, David  |e author  |9 599532 
245 1 4 |a Los delitos de peligro y la prueba del dolo 
300 |a 57 p 
942 |c BK 
945 |d 20120106 00:00:00  |a dcastane 
260 |a Montevideo  |b B de F Ltda  |c 2007 
650 7 |a DERECHO PENAL  |2 CL-VaPUC  |9 11 
650 0 |a Jurisprudencia  |9 255952 
650 0 |a Derecho procesal penal   |9 256392 
650 0 |a Derecho privado  |9 258243 
650 0 |a Bien jurídico protegido   |9 385533 
583 |a last modification  |c 20120106 11:45:00  |k Rodrigo Vera 
490 0 |a Maestros del Derecho Penal, 23 
999 |c 346480  |d 346478 
952 |0 0  |1 0  |4 0  |6 345_000000000000000_BAI_2007  |7 0  |8 A  |9 447174  |a BIBDER  |b BIBDER  |d 2019-11-22  |i 4817117  |o 345 BAI 2007  |p 4817117  |r 2023-01-25  |w 2019-11-22  |y BK  |k DER